U.S presidents that Have Visited China - Statistics

General Stats
  • This quiz has been taken 172 times
  • The average score is 6 of 8
Answer Stats
Year(s) Visted Answer % Correct
2017 Donald Trump
99%
1989 George H.W Bush
99%
2009,2014,2016 Barack Obama
98%
1972 Richard Nixon
94%
1975 Gerald Ford
84%
2001,2002,2005,2008 George W Bush
60%
1998 Bill Clinton
56%
1984 Ronald Reagan
56%
No matching quizzes found
Score Distribution
Percent of People with Each Score
Percentile by Number Answered
Your Score History
You have not taken this quiz